00803nam a2200217 i 450000100060000000300090000600500170001500700030003200800410003510000270007624500520010325000130015526000580016830000220022649000410024860000750028983000490036485200330041399900170044695201220046335677ES-MaACL20230906155202.0t|030213s1971 fr ||||1| fre d1 aBoudot, Pierre.93086112aL'ontologie de Nietzsche / cpar Pierre Boudot. a1e éd. aParís : bPresses Universitaires de France, c1971. a127 p. ; c18 cm.1 aSUP. Initiation philosophique ; v9514aNietzsche, Friedrich,d1844-1900-xCrítica e interpretación9857210 aSUP. Initiation philosophique ; v9591820904 aES-MaACLjL-11724 bR.113238 c35677d35677 00104070aATENEOMbATENEOMcDEPO2d2008-01-17eSCl0oL-11724p1037359r2023-02-23 00:00:00w2023-02-23yMONOGRAFIA